Libros del Rincón. Catálogo histórico 1986-2006. Bibliotecas escolares y de aula. Secundaria.

Salvato in:
Dettagli Bibliografici
Ente Autore: México. Secretaría de Educación Pública. Dirección General de Materiales y Métodos Educativos
Natura: Libro
Lingua:spagnolo
Soggetti:
Accesso online:Ver documento en línea
Tags: Aggiungi Tag
Nessun Tag, puoi essere il primo ad aggiungerne!!

MARC

LEADER 00000nam^a2200000^u^4500
001 000515084
005 20260411000000.0
008 101007s1000^^^^^^^^^^^^r^^^^^000^0^spa^d
009 20260411194441.217
022 |a 9680112284 
035 |a FCE 000059299 
037 |a Acervo ITESO - Biblioteca 
041 |a spa 
095 |a 275 
110 |a México. Secretaría de Educación Pública. Dirección General de Materiales y Métodos Educativos 
245 1 0 |a Libros del Rincón.  |b Catálogo histórico 1986-2006. Bibliotecas escolares y de aula. Secundaria. 
264 |a México:  |b SEP,  |c 2006. 
300 |a 248 p. 
336 |a texto  |b txt  |2 rdacontenido 
337 |a sin mediación  |b n  |2 rdamedio 
338 |a volumen  |b nc  |2 rdasoporte 
596 |a Archivo en formato PDF. 
596 |a Forma de Acceso: Internet vía la World Wide Web. 
596 |a Requerimientos del sistema. Internet connectivity, World Wide Web browser. 
649 |a XX 
650 |a Clasificación 
650 |a Libros y lectura 
650 |a Colección de libros 
856 4 0 |u https://lectura.dgme.sep.gob.mx/2ConformacionDeColecciones/4MaterialesDeApoyo/2CatalogoHistoricoDeLibrosDelRincon/SECUNDARIA-P-001-248-BAJA.pdf  |y Ver documento en línea 
910 |a Fondo Centro de Estudios Educativos 
920 |a Impresos - Libros 
930 |a Fondos Especiales 
905 |a 133 
902 |a https://opac.biblio.iteso.mx/vufind/Record/000515084